000
00493nam a2200193Ia 4500
008
090124s9999 xx 000 0 und d
020
_a
81-7492-263-6
082
_b
46712
100
_a
महाले रमेश
245
_a
विज्ञान
250
_a
1
260
_c
2008
300
_a
76
600
_a
महाले रमेश
630
_a
विज्ञान
700
_a
महाले रमेश
730
_a
विज्ञान
942
_c
BOOK
999
_c
112921
_d
112921